Menjayakan rancangan integrasi murid untuk perpaduan (RIMUP) melalui kokurikulum (Record no. 129772)

MARC details
000 -LEADER
fixed length control field 01173nam a2200325 i 4500
001 - CONTROL NUMBER
control field C2-0331003
003 - CONTROL NUMBER IDENTIFIER
control field PPAK
005 - DATE AND TIME OF LATEST TRANSACTION
control field 20180728131504.0
008 - FIXED-LENGTH DATA ELEMENTS--GENERAL INFORMATION
fixed length control field 150525s2014 my a|||| ||||| | may d
020 ## - INTERNATIONAL STANDARD BOOK NUMBER
International Standard Book Number 9789673252992
040 ## - CATALOGING SOURCE
Original cataloging agency PPAK
Language of cataloging eng
Transcribing agency PPAK
Description conventions rda
082 04 - DEWEY DECIMAL CLASSIFICATION NUMBER
Classification number 370.9595
Edition number 23
090 00 - LOCALLY ASSIGNED LC-TYPE CALL NUMBER (OCLC); LOCAL CALL NUMBER (RLIN)
Classification number (OCLC) (R) ; Classification number, CALL (RLIN) (NR) 370.9595
Feature heading MEN
Feature heading R
245 00 - TITLE STATEMENT
Title Menjayakan rancangan integrasi murid untuk perpaduan (RIMUP) melalui kokurikulum
264 #1 - PRODUCTION, PUBLICATION, DISTRIBUTION, MANUFACTURE, AND COPYRIGHT NOTICE
Place of production, publication, distribution, manufacture Puchong, Selangor :
Name of producer, publisher, distributor, manufacturer Navision (M) Sdn. Bhd. ,
Date of production, publication, distribution, manufacture, or copyright notice 2014
300 ## - PHYSICAL DESCRIPTION
Extent 92 pages :
Other physical details colour photographs ;
Dimensions 26 cm
336 ## - CONTENT TYPE
Source rdacontent
Content type term text
337 ## - MEDIA TYPE
Source rdamedia
Media type term unmediated
338 ## - CARRIER TYPE
Source rdacarrier
Carrier type term volume
490 1# - SERIES STATEMENT
Series statement Menjayakan pelan pembangunan pendidikan Malaysia 2013-2025 melalui pendidikan holistik
500 ## - GENERAL NOTE
General note Jilid 2
650 10 - SUBJECT ADDED ENTRY--TOPICAL TERM
Topical term or geographic name entry element Education - Aims and objectives - Malaysia. ; Education and state.
700 ## - ADDED ENTRY--PERSONAL NAME
Relator term author
Personal name Nor Aslina Binti Mamat
Relator term editor
Personal name Shamila Pathmanathan
Relator term editor
Personal name Siti Zariyah Rasul,
Relator term editor
Personal name Yap, Chee Mun
Relator term editor
830 #0 - SERIES ADDED ENTRY--UNIFORM TITLE
Uniform title Menjayakan pelan pembangunan pendidikan Malaysia 2013-2025 melalui pendidikan holistik
942 ## - ADDED ENTRY ELEMENTS (KOHA)
-- dc
Koha item type Book
Holdings
Withdrawn Not for loan Current library Shelving location Date acquired Full call number Barcode Date last seen Koha item type
  Not For Loan Perpustakaan Alor Setar Rujukan Dewasa 04/06/2015 R 370.9595 MEN A01452515 09/05/2018 Book
  Not For Loan Perpustakaan Awam Sungai Petani Rujukan Dewasa 04/06/2015 R 370.9595 MEN A01452516 09/05/2018 Book
  Not For Loan Perpustakaan Baling Rujukan Dewasa 04/06/2015 R 370.9595 MEN A01452519 09/05/2018 Book
  Not For Loan Perpustakaan Bandar Baharu Rujukan Dewasa 04/06/2015 R 370.9595 MEN A01452522 09/05/2018 Book
  Not For Loan Perpustakaan Jitra Rujukan Dewasa 04/06/2015 R 370.9595 MEN A01452517 09/05/2018 Book
  Not For Loan Perpustakaan Kulim Rujukan Dewasa 04/06/2015 R 370.9595 MEN A01452518 09/05/2018 Book
  Not For Loan Perpustakaan Langkawi Rujukan Dewasa 04/06/2015 R 370.9595 MEN A01452520 09/05/2018 Book
  Not For Loan Perpustakaan Merbok Rujukan Dewasa 04/06/2015 R 370.9595 MEN A01452521 09/05/2018 Book